MARC

LEADER 00000nam0a2200000 4500
001 161057
005 20231031155804.0
020 |a RU  |b 82-84858 
035 |a (RuTPU)RU\TPU\book\174653 
090 |a 161057 
100 |a 20090602d1982 km y0rusy5003 ca 
101 0 |a rus 
102 |a RU 
105 |a a z 001zy 
200 1 |a Старение и стабилизация полимеров на основе винилхлорида  |f К. С. Минскер, С. В. Колесов, Г. Е. Заиков  |g Академия наук СССР (АН СССР), Институт химической физики им. Н. Н. Семенова (ИХФ) 
210 |a Москва  |c Наука  |d 1982 
215 |a 272 с.  |c ил. 
314 |a В надзаг.: АН СССР, Ин-т хим. физики 
610 1 |a полихлорвинил 
610 1 |a стабилизация 
610 0 |a старение 
610 0 |a полимеры 
610 0 |a дефекты 
610 0 |a деструкция 
610 0 |a сополимеры 
675 |a 678.743  |z rus 
700 1 |a Минскер  |b К. С.  |g Карл Самойлович  |4 070 
701 1 |a Колесов  |b С. В.  |g Сергей Викторович 
701 1 |a Заиков  |b Г. Е.  |g Геннадий Ефимович 
712 0 2 |a Академия наук СССР (АН СССР)  |b Институт химической физики им. Н. Н. Семенова (ИХФ)  |c (Москва)  |2 stltpush  |3 (RuTPU)RU\TPU\col\1482 
801 0 |a RU  |b RuMRKP  |c 19950704  |g psbo 
801 1 |a RU  |b 63413507  |c 20090602  |g PSBO 
801 2 |a RU  |b 63413507  |c 20100127  |g PSBO 
942 |c BK